States With the Most Walmarts vs. Targets - Statistics

General Stats
  • This quiz has been taken 40 times
  • The average score is 18 of 21
Answer Stats
Hint Answer % Correct
306 California
94%
268 California
94%
559 Texas
94%
148 Texas
94%
340 Florida
91%
123 Florida
91%
205 Georgia
91%
197 Illinois
91%
88 Illinois
91%
71 New York
91%
160 Pennsylvania
91%
65 Pennsylvania
91%
210 North Carolina
88%
56 Michigan
85%
175 Ohio
85%
63 Ohio
85%
128 Virginia
82%
57 Virginia
82%
154 Missouri
79%
75 Minnesota
76%
128 Alabama
71%
No matching quizzes found
Score Distribution
Percent of People with Each Score
Percentile by Number Answered
Your Score History
You have not taken this quiz